000
00245nam a2200097Ia 4500
005
20251222114407.0
008
251222s1900||||xx |||||||||||||| ||spa||
082
_a
DVD0070/B33/2010/Ej.2
245
0
_a
Of Gods and Men:De dioses y hombres
942
_c
DVD
999
_c
1870
_d
1870